00555nam a2200181Ia 450000500170000000800410001704000190005804100120007708200150008910000180010424500540012226000470017630000160022350400500023965000490028965100250033885000100036320211202113000.0131103s9999 xx 000 0 und d aLoreto College aEnglish a320.5bMUR aMurphy, Agnes 3aAn Evil tree the story of communismcAgnes Murphy aMilwaukeebThe Brucu Publishing Co.cc1961 axvi,116 p.  aIncludes bibliographical references and index aPolitics - Political Ideology - Communism -  aPolitical Science -  aLCLIB